|
|
|
|
| LEADER |
00000nam a22000007i 4500 |
| 001 |
IT\ICCU\LUA\0533513 |
| 003 |
ItRI |
| 005 |
20260115232122.0 |
| 008 |
170117s2016 it |||||| ||||| |||||c |
| 020 |
|
|
|a 9788861556676
|
| 040 |
|
|
|b ita
|c importazione bologna sebina
|
| 041 |
|
7 |
|a ita
|2 ISO-639-2
|
| 082 |
|
|
|a 853.92
|9 NARRATIVA ITALIANA, 2000-
|2 23
|
| 100 |
1 |
|
|a Vezzoli, Giorgia
|0 IT\ICCU\UFEV\410491
|4 aut
|
| 240 |
1 |
0 |
|a Ti amo in tutti generi del mondo.
|3 IT\ICCU\LUA\0533514
|9 Vezzoli, Giorgia
|
| 245 |
1 |
0 |
|a Ti amo in tutti i generi del mondo /
|c Giorgia Vezzoli.
|
| 260 |
|
|
|a [San Lazzaro di Savena] :
|b Giraldi,
|c ©2016
|
| 300 |
|
|
|a 186 p. ;
|c 21 cm
|
| 830 |
|
0 |
|a Uplit ;
|v 23
|0 IT\ICCU\UBO\3917141
|
| 942 |
|
|
|2 ddc
|c BK
|n 0
|
| 952 |
|
|
|0 0
|1 0
|4 0
|6 R_853_920000000000000_VEZ
|7 0
|9 20383
|a BO
|b BO
|d 2026-01-15
|i 18658
|l 0
|o R 853.92 VEZ
|p BO18658
|r 2026-01-15 23:21:22
|w 2026-01-15
|x [Sebina 5] [1 v.]
|y BK
|z 1 v.
|
| 952 |
|
|
|0 0
|1 0
|4 0
|6 T_853_920000000000000_VEZ
|7 0
|9 20384
|a BO
|b BO
|d 2026-01-15
|i 18916
|l 0
|o T 853.92 VEZ
|p BO18916
|r 2026-01-15 23:21:22
|w 2026-01-15
|x [Sebina 5] [1 v.]
|y BK
|z 1 v. (2. copia)
|
| 999 |
|
|
|c 17392
|d 17392
|